| 000 | 01688nam a2200409Ia 4500 | ||
|---|---|---|---|
| 001 | ebr10367029 | ||
| 003 | CaPaEBR | ||
| 006 | m u | ||
| 007 | cr cn||||||||| | ||
| 008 | 090618s2010 gaua sb s001 0 eng d | ||
| 010 | _z 2009024805 | ||
| 020 | _z0820332836 (alk. paper) | ||
| 020 | _z0820334294 (pbk.) | ||
| 020 | _z9780820332833 (alk. paper) | ||
| 020 | _z9780820334295 (pbk.) | ||
| 020 | _z9780820336015 | ||
| 040 |
_aCaPaEBR _cCaPaEBR |
||
| 035 | _a(OCoLC)593297193 | ||
| 050 | 1 | 4 |
_aPS228.S36 _bC48 2010eb |
| 082 | 0 | 4 |
_a810.9/353 _222 |
| 100 | 1 |
_aCheever, Abigail, _d1970- |
|
| 245 | 1 | 0 |
_aReal phonies _h[electronic resource] : _bcultures of authenticity in post-World War II America / _cAbigail Cheever. |
| 260 |
_aAthens, Ga. : _bUniversity of Georgia Press, _cc2010. |
||
| 300 |
_aviii, 312 p. : _bill. |
||
| 504 | _aIncludes bibliographical references (p. 281-296) and index. | ||
| 533 |
_aElectronic reproduction. _bPalo Alto, Calif. : _cebrary, _d2010. _nAvailable via World Wide Web. _nAccess may be limited to ebrary affiliated libraries. |
||
| 650 | 0 | _aAgent (Philosophy) in literature. | |
| 650 | 0 |
_aAmerican literature _y20th century _xHistory and criticism. |
|
| 650 | 0 | _aAuthenticity (Philosophy) in literature. | |
| 650 | 0 | _aIdentity (Psychology) in literature. | |
| 650 | 0 | _aIdentity (Psychology) in motion pictures. | |
| 650 | 0 |
_aLiterature and society _zUnited States _xHistory _y20th century. |
|
| 650 | 0 | _aSelf in literature. | |
| 655 | 7 |
_aElectronic books. _2local |
|
| 710 | 2 | _aebrary, Inc. | |
| 856 | 4 | 0 |
_uhttp://site.ebrary.com/lib/rucke/Doc?id=10367029 _zAn electronic book accessible through the World Wide Web; click to view |
| 999 |
_c212888 _d212888 |
||